=LDR 00000nam 2200000 4500 =001 000373 =005 20250710030447 =035 ##$$a 0010-0725000232 =007 ta =008 250710################a##########0#ind## =020 ##$$a 978-623-307-175-8 =082 ##$$a 398.209 598 =084 ##$$a 398.209 598 ANA f =100 #$$a Nouf Zahra Anastasia =245 1#$$a Film Untuk Lala /$c Nouf Zahra Anastasia =250 ##$$a Cetakan Pertama =260 ##$$a Rawamangun :$b Badan Pengembangan dan Pembinaan Bahasa,$c 2022 =300 ##$$a 32 hlm. : $b Ilus. ; $c 29,7 cm. =650 #4$$a Cerita Anak - Indonesia =650 #4$$a Literasi - Bahan bacaan =856 ##$$a TBM AS SUHADA =990 ##$$a TBM00920092